| 000 | 01111nam a22003617a 4500 | ||
|---|---|---|---|
| 003 | OSt | ||
| 005 | 20260522083726.0 | ||
| 007 | ta | ||
| 008 | 260522s2025 ag ||||| |||| 00| 0 spa d | ||
| 020 | _a9786316622358 | ||
| 040 | _ccj catamarca | ||
| 082 | _a347.232.4 P348 I 2025 | ||
| 100 | 1 | 0 |
_9333 _aPaz, Roberto |
| 245 | 1 | 0 |
_aPrescripcion adquisitiva: _bde la realidad de Velez Sarsfield a la actualidad del Codigo Civil y Comercial de la Nacion I |
| 250 | _a3º ed. | ||
| 260 |
_aTucuman: _bBibliotex, _c2025 |
||
| 300 |
_aV.1, 760 p. _c24 cm |
||
| 500 | _aINVENTARIO Nº 8178 | ||
| 650 | 7 | _2SAIJ | |
| 653 | _aDERECHO CIVIL | ||
| 653 | _aCCyC | ||
| 653 | _aPRESCRIPCION ADQUISITIVA | ||
| 653 | _aUSUCAPION | ||
| 653 | _aPOSESION | ||
| 653 | _aUSUCAPION BREVE | ||
| 653 | _aart. 1051 CC-arts. 392 y 2260 CCyC | ||
| 653 | _aLEY 24.374-REGULARIZACION DOMINIAL | ||
| 653 | _aMUEBLES REGISTRABLES-NO REGISTRABLES | ||
| 653 | _aMODELO DEMANDA | ||
| 653 | _aJURISPRUDENCIA | ||
| 856 | _uhttps://drive.google.com/file/d/1HLlW8Weuj6a0ztTQfIp8-O2fRdiQ2eMp/view?usp=sharing | ||
| 942 |
_2ddc _cBK _n0 |
||
| 999 |
_c6547 _d6547 |
||